Statistics for Movies with Animals in the Title #1

Click here to take the quiz!

General Stats

  • This quiz has been taken 122,283 times
    (93,841 since last reset)
  • The average score is 17 of 24

Answer Stats

Movies % Correct
Planet of the {Apes}
95%
101 {Dalmatians}
94%
Alvin and the {Chipmunks}
93%
{Snakes} on a Plane
92%
The Silence of the {Lambs}
91%
The Pink {Panther}
91%
{Crocodile} Dundee
86%
All {Dogs} Go to Heaven
84%
Dances with {Wolves}
82%
One Flew Over the {Cuckoo}'s Nest
81%
The {Horse} Whisperer
81%
Raging {Bull}
77%
A {Fish} Called Wanda
74%
{Bird} on a Wire
73%
March of the {Penguins}
66%
The {Butterfly} Effect
65%
The Great {Mouse} Detective
62%
The Bad News {Bears}
56%
The Mighty {Ducks}
56%
{Shark}nado
54%
G.I. Joe: The Rise of {Cobra}
54%
The {Pelican} Brief
53%
Where {Eagles} Dare
37%
{Rabbit}-Proof Fence
35%

Score Distribution

Percentile by Number Answered

Percent of People with Each Score

Your Score History

You have not taken this quiz since the last reset